000 00626nam a2200193Ii 4500
003 JO-AjNU
008 230605s9999||||xx |||||||||||||| ||und||
040 _aJO-AjNU
_bara
_erda
_cJO-AjNU
041 _aara
050 1 4 _aPJ7826 1900
100 3 _aتأليف السيدي،عبد السلام: رواية,
_eauthor
_97846
245 0 0 _aالضريح: رواية
264 3 1 _aالقاهرة:عصمي للنشر والتوزيع،1900
300 _a91ص
336 _atext
_btxt
_2rdacontent
337 _aunmediated
_bn
_2rdamedia
338 _avolume
_bnc
_2rdacarrier
650 4 _aالأدب العربي - روايات
_97847
999 _aA486
_c4054
_d4054